Ο βίος και το έργο του Κ. Π. Καβάφη

Αποθηκεύτηκε σε:
Λεπτομέρειες βιβλιογραφικής εγγραφής
Κύριος συγγραφέας: Δασκαλόπουλος, Δημήτρης, 1939-
Άλλοι συγγραφείς: Στασινοπούλου, Μαρία, 1945-
Μορφή: Βιβλίο
Γλώσσα:Greek
Δημοσίευση: Αθήνα : Μεταίχμιο, 2013.
Έκδοση:Νέα έκδοση συμπληρωμένη.
Θέματα:
Ετικέτες: Προσθήκη ετικέτας
Δεν υπάρχουν, Καταχωρήστε ετικέτα πρώτοι!

MARC

LEADER 00000cam a2200000 i 4500
001 1/55865
008 140915s20022013gr | ||| |||| ||gre||
020 |a 9789605660932 
035 |l 10119081 
040 |a GR-MY-UA  |b gre  |e aacr 
041 0 |a gre 
082 7 |a 889.1   |2 (23) 
100 1 |a Δασκαλόπουλος, Δημήτρης,   |d 1939- 
245 1 2 |a Ο βίος και το έργο του Κ. Π. Καβάφη /   |c Δημήτρης Δασκαλόπουλος, Μαρία Στασινοπούλου.  
250 |a Νέα έκδοση συμπληρωμένη.  
260 |a Αθήνα :   |b Μεταίχμιο,   |c 2013.  
300 |a 193 σ. :   |b εικ., φωτ. ;   |c 27 εκ.  
504 |a Βιβλιογραφία: σ. 179-187.  
504 |a Ευρετήριο: σ. 189-193.  
600 1 0 |a Καβάφης, Κωνσταντίνος Π.,   |d 1863-1933  |x Criticism and interpretation. 
600 1 0 |a Καβάφης, Κωνσταντίνος Π.,   |d 1863-1933. 
650 0 0 |a Greek poetry  |x History and criticism. 
650 0 0 |a Greek literature  |x History and criticism. 
700 1 |a Στασινοπούλου, Μαρία,   |d 1945- 
852 |a INST  |b RHODES  |e 20140915  |h 889.1 ΔΑΣ  |p 005400036759  |q 005400036759  |t BK  |y 0 
901 |a BIBL4-2014-3 
909 |a Ρ  |b 189629 
922 |a 4ΕΛΗ  |b 201405  |c ΤΑΚ/ΠΤΔΕ  |d BEST BOOK HUNTERS 
970 |z 2014/09/15